000 00756nam a2200205 i 4500
001 bg
245 0 0 _aKatalog wybranych uszkodzeń nawierzchni bitumicznych dla potrzeb "SOSN" /
_c[oprac. Stanisław Szpinek] ; Instytut Badawczy Dróg i Mostów. Zakład Diagnostyki Nawierzchni.
260 _aWarszawa :
_bIBDiM,
_c1994.
300 _a28 cm :
_bil. ;
_c20 cm.
490 1 _aInformacje, Instrukcje,
_x1231-0638 ;
_vz. 44
650 9 _aDrogi bitumiczne
_xuszkodzenia
655 _aInstrukcje
710 0 _aInstytut Badawczy Dróg i Mostów
_bZakład Diagnostyki Nawierzchni
830 _aInformacje, Instrukcje,
_x1231-0638 ;
040 _cBPK
041 _apol
080 _a625.7/.8.004.5/.6
942 _cKA
008 s pl f |000 0 pol
999 _c35010
_d35010
856 _uhttp://koha.tu.koszalin.pl/cgi-bin/koha/opac-detail.pl?biblionumber=35010
_yKatalog online BPK